| 000 | 00515nam a2200133Ia 4500 | ||
|---|---|---|---|
| 008 | 160809s9999 xx 000 0 und d | ||
| 100 | _aBarret, David C. | ||
| 245 | _aOUR MOVE: USING CHESS TO IMPROVE MATH ACHIEVEMENT FOR | ||
| 245 | _cDavid C. Barrett Mesquite Independent School District Wade W. Fish Texas A&M University-Commerce. | ||
| 260 | _bInternational Journal of Special Education | ||
| 260 | _c2011 | ||
| 650 | _xSPECIAL EDUCATION | ||
| 856 | _uhttp://www.internationaljournalofspecialed.com/issues.php | ||
| 999 |
_c300435 _d300435 |
||